| 000 | 00571nam a2200217 a 4500 | ||
|---|---|---|---|
| 999 |
_c5099 _d5099 |
||
| 001 | 5099 | ||
| 003 | BD-JhCC | ||
| 005 | 20171209100327.0 | ||
| 008 | 171209s19631966e d|||| || | 000 0 eng d | ||
| 035 | _a(BD-JhCC)5099 | ||
| 040 |
_aBD-JhCC _dBD-JhCC |
||
| 041 | _aeng | ||
| 082 |
_a338.9549 _bHAQ 1966 |
||
| 100 | _aHaq, Mahbub Ul | ||
| 245 |
_aThe Strategy of Economic Planning / _cMahbub Ul Haq, |
||
| 260 |
_aLondon : _bOxford University Press, _c1966. |
||
| 300 |
_a266 p. : _c22 cm. |
||
| 650 |
_aEconomic Policy _zPakistan |
||
| 942 |
_2ddc _cBK |
||